Nuevas formas de democracia y libertad / (Record no. 106462)

MARC details
000 -LEADER
campo de control de longitud fija 00917nam a2200253 i 4500
001 - NÚMERO DE CONTROL
campo de control 106462
003 - IDENTIFICADOR DE NÚMERO DE CONTROL
campo de control ES-MaACL
005 - FECHA Y HORA DE LA ÚLTIMA TRANSACCIÓN
campo de control 20250812062525.0
007 - CAMPO FIJO DE DESCRIPCIÓN FÍSICA--INFORMACIÓN GENERAL
campo de control de longitud fija t|
008 - DATOS DE LONGITUD FIJA--INFORMACIÓN GENERAL
campo de control de longitud fija 221106s1960 sp |||| | spa d
080 ## - NÚMERO DE LA CLASIFICACIÓN DECIMAL UNIVERSAL
Número de la Clasificación Decimal Universal 321.7
100 1# - ENTRADA PRINCIPAL--NOMBRE DE PERSONA
Nombre de persona Calvo Serer, Rafael,
Fechas asociadas al nombre 1916-1988
9 (RLIN) 33911
245 10 - MENCIÓN DEL TÍTULO
Título Nuevas formas de democracia y libertad /
Mención de responsabilidad, etc. Rafael Calvo Serer.
260 ## - PUBLICACIÓN, DISTRIBUCIÓN, ETC.
Lugar de publicación, distribución, etc. Madrid :
Nombre del editor, distribuidor, etc. Ateneo,
Fecha de publicación, distribución, etc. 1960.
300 ## - DESCRIPCIÓN FÍSICA
Extensión 58 p. ;
Dimensiones 19 cm.
490 1# - MENCIÓN DE SERIE
Mención de serie Colección "O crece o muere" ;
Designación de volumen o secuencia 145
500 ## - NOTA GENERAL
Nota general Este trabajo fue dado a conocer por su autor en una conferencia celebrada en el Ateneo Mercantil de Valencia, el día 31 de marzo de 1960 -- Verso portada.
650 #7 - PUNTO DE ACCESO ADICIONAL DE MATERIA--TÉRMINO DE MATERIA
Término de materia o nombre geográfico como elemento de entrada Democracia
Fuente del encabezamiento o término embne
9 (RLIN) 11574
710 2# - ENTRADA AGREGADA--NOMBRE DE ENTIDAD CORPORATIVA
Nombre de entidad corporativa o nombre de jurisdicción como elemento de entrada Ateneo de Madrid.
9 (RLIN) 1875
710 2# - ENTRADA AGREGADA--NOMBRE DE ENTIDAD CORPORATIVA
Nombre de entidad corporativa o nombre de jurisdicción como elemento de entrada Ateneo Mercantil (Valencia)
9 (RLIN) 2050
830 00 - PUNTO DE ACCESO ADICIONAL DE SERIE-TÍTULO UNIFORME
Título uniforme Colección "O crece o muere"
Designación de volumen o secuencia 145
9 (RLIN) 183476
852 ## - LOCALIZACIÓN
Ubicación ES-MaACL
Número de control de estantería 2207-F-18
Holdings
Estatus retirado Estado de pérdida Estado de daño No para préstamo Colección Biblioteca de origen Biblioteca actual Ubicación en estantería Fecha de adquisición Fuente de adquisición Total de préstamos Signatura topográfica completa Código de barras Visto por última vez Precio de reemplazo Tipo de ítem Koha
        Colección de folletos Biblioteca del Ateneo de Madrid Biblioteca del Ateneo de Madrid Depósito folletos 17/01/2008     2207-F-18 1111133 23/02/2023 23/02/2023 Folleto